College algebra and plane trigonometry / (Record no. 5574)
[ view plain ]
| 000 -LEADER | |
|---|---|
| fixed length control field | 00845nam a2200289 a 4500 |
| 001 - CONTROL NUMBER | |
| JCCL Control Number | 5574 |
| 003 - CONTROL NUMBER IDENTIFIER | |
| JCCL marc code | BD-JhCC |
| 005 - DATE AND TIME OF LATEST TRANSACTION | |
| control field | 20171218164101.0 |
| 008 - FIXED-LENGTH DATA ELEMENTS--GENERAL INFORMATION | |
| fixed length control field | 171218s1955 maua 001 0 eng d |
| 035 ## - SYSTEM CONTROL NUMBER | |
| system control number | (BD-JhCC)5574 |
| 035 ## - SYSTEM CONTROL NUMBER | |
| system control number | (OCoLC)19919133 |
| 040 ## - CATALOGING SOURCE | |
| Original cataloging agency | BD-JhCC |
| Transcribing agency | IaFairM |
| Modifying agency | BD-JhCC |
| 041 ## - LANGUAGE CODE | |
| Language code of Book | eng |
| 050 00 - LIBRARY OF CONGRESS CALL NUMBER | |
| Classification number | QA154 |
| Item number | .S73 |
| 082 ## - DEWEY DECIMAL CLASSIFICATION NUMBER | |
| Classification number | 512 |
| Author mark and Year | SPI 1958 |
| 100 1# - MAIN ENTRY--PERSONAL NAME | |
| Personal name | Spitzbart, Abraham. |
| 245 10 - TITLE STATEMENT | |
| Title | College algebra and plane trigonometry / |
| Statement of responsibility, etc | by Abraham Spitzbart and Ross H. Bardell. |
| 260 ## - PUBLICATION, DISTRIBUTION, ETC. (IMPRINT) | |
| Place of publication, distribution, etc | Reading, Mass. : |
| Name of publisher, distributor, etc | Addison-Wesley, |
| Date of publication, distribution, etc | c1955. |
| 300 ## - PHYSICAL DESCRIPTION | |
| Pagination | xiii, 408 p. : |
| Other physical details | ill. ; |
| Dimensions | 22 cm. |
| 440 #0 - | |
| Title | Addison-Wesley mathematics series |
| 500 ## - GENERAL NOTE | |
| General note | Includes index. |
| 650 #0 - SUBJECT ADDED ENTRY--TOPICAL TERM | |
| Topical term or geographic name as entry element | Algebra. |
| 650 #0 - SUBJECT ADDED ENTRY--TOPICAL TERM | |
| Topical term or geographic name as entry element | Plane trigonometry. |
| 700 1# - ADDED ENTRY--PERSONAL NAME | |
| Personal name | Bardell, Ross Harvey, |
| Dates associated with a name | 1903- |
| 942 ## - ADDED ENTRY ELEMENTS (KOHA) | |
| Source of classification or shelving scheme | Dewey Decimal Classification |
| Koha item type | Books |
| Source of classification or shelving scheme | Damaged status | Not for loan | Home library | Current library | Shelving location | Total Checkouts | Full call number | Barcode | Date last seen | Copy number | Koha item type |
|---|---|---|---|---|---|---|---|---|---|---|---|
| Dewey Decimal Classification | JCC Rouf Library | JCC Rouf Library | General Stacks | 512 SPI 1958 | 7401 | 12/18/2017 | C - 1 | Books |